000 00572nam a22002057a 4500
003 OSt
005 20231030115048.0
008 231030b |||||||| |||| 00| 0 eng d
020 _a97800809114
040 _cDDC
082 _a004BAT 2011
100 _aBates,Martin;
_916823
245 _aPIC Microcontrollers.
_bAn Introduction to MicroElectronics.
250 _a3rd ed
260 _aBoston.
_bElsevier.
_c2011.
300 _axii,441p;
_bill,
_c24cm.
504 _aAppendix,Questions and answers and index.
650 _aMicro Controllers
_916824
942 _2ddc
_cO_SHELF
999 _c8233
_d8233